000 00826nam a2200217 i 4500
001 163295
003 ES-MaACL
005 20230906212718.0
008 050714s1900 fr |||| | fre d
040 _aCAM
_bspa
_cCAM
100 1 _aRenard, Georges.
_996174
245 1 3 _aLa méthode scientifique de l'histoire litteraire /
_cpar Georges Renard.
260 _aParis :
_bFélix Alcan, Ancienne Libr. Germer Baillière et Cie.,
_c1900 (
_fL. Maretheux)
300 _a592 p. ;
_c23 cm.
490 1 _aBibliothèque de philosophie contemporaine
598 _aMención de serie tomada de cub.
650 _aLiteratura-
_xHistoria y crítica.
_914489
830 0 _aBibliothèque de philosophie contemporaine
_9181027
852 _aES-MaACL
_jB-7047
_z- Enc. pasta española, conservando la enc. original
999 _c163295
_d163295